000 00991nac a22002657a 4500
001 BR7301640
003 BR-BrBNA
005 20240105113502.0
008 230509b bl.|||m| |||| 00| 0 por d
040 _aBR-BrBNA
_bpor
_cBiblioteca Nacional de Agricultura
072 _aS10
090 _a0940 BR7301640
100 1 _aMohr, W.
110 1 _aSecretaria de Estado dos Negocios da Agricultura, Industria e Comercio, Porto Alegre, RS (Brasil)
245 1 _aAnalises fisicas e quimicas de uvas e mostos da zona colonial italiana, em 1934 [Brasil]
260 3 _aPorto Alegre, RS (Brasil):
_c1936.
300 _a14 p.
490 _aBoletim - Secretaria de Estado dos Negocios da Agricultura, Industria e Comercio (Brazil)
_vno. 37
_x
500 _a(*) Documento disponível na(o) Secretaria da Agricultura, Porto Alegre, RS (Brazil)
650 _aUVA
650 _aMOSTO
650 _aANALISE DE ALIMENTO
909 _a202312
_bLúcia Elande
_c55
_dLúcia Elande
942 _2AGRIS
_n0
_cMS
999 _c263995
_d263995